Etats fédéraux du monde - Statistiques

Statistiques générales
  • Ce quiz a été pris 59 fois
  • Le résultat moyen est 13 sur 27
Statistiques - réponses
Réponse % Correct
Etats-Unis
100%
Allemagne
88%
Canada
84%
Mexique
81%
Brésil
79%
Russie
79%
Australie
77%
Argentine
70%
Inde
70%
Suisse
67%
Belgique
60%
Autriche
58%
Etats fédérés de Micronésie
56%
Malaisie
44%
Pakistan
42%
Emirats arabes unis
40%
Nigeria
33%
Soudan
30%
Ethiopie
28%
Somalie
28%
Irak
26%
Venezuela
26%
Soudan du Sud
23%
Bosnie-Herzégovine
14%
Comores
9%
Népal
9%
Saint-Christophe-et-Niévès
7%
Aucun quiz correspondant
Distribution des résultats
% des personnes avec chaque résultat
Percentile par nombre de réponses
Votre historique - résultats
Vous n’avez pas pris ce quiz